Tratado de auditoría v.2

Guardado en:
Detalles Bibliográficos
Autor principal: Fowler Newton, Enrique
Formato: Libros domicilio
Lenguaje:Español
Publicado: La Ley
Edición:5a. edición
Materias:
LEADER 01022nam#a2200349#c#4500
001 UMA-000280
003 UMA
005 20260424 164228
008 260424suuuu#### ##########||||#0#spa#d
020 # # |a 9789870342830 
041 0 # |a spa 
044 # # |a ag 
082 0 4 |a SEDE CENTRAL 657.45 FOW v.2 
100 1 # |a Fowler Newton, Enrique  |e Autor 
245 0 0 |a Tratado de auditoría  |n v.2  |c Enrique Fowler Newton 
250 # # |a 5a. edición 
264 # 0 |a Buenos Aires, Argentina  |b La Ley  |c 2022 
300 # # |a v.2, -1497 páginas  |c 24 x 17 cm 
336 # # |a texto  |b txt  |2 rdacontent 
337 # # |a no mediado  |b n  |2 rdamedia 
338 # # |a volumen  |b nc  |2 rdacarrier 
650 # 0 |a Ciencias económicas 
653 # # |a Auditoría 
653 # # |a Contabilidad 
653 # # |a Muestreos 
653 # # |a Colección de evidencias 
653 # # |a Controles internos 
653 # # |a Estados financieros 
653 # # |a Componentes de estados financieros 
653 # # |a Cierre de auditoría 
653 # # |a Revisiones de estados financieros 
653 # # |a Sede Central